[Event "ROU-ch Open 2021"]
[Site "Iasi"]
[Date "2021.04.20"]
[Round "3.16"]
[White "Statescu-Enescu, Vlad"]
[Black "Coca, Cristi-Iulian"]
[Result "0-1"]
[WhiteElo "1735"]
[BlackElo "2153"]
[Annotator "NA"]
[PlyCount "90"]
[EventDate "2021.04.19"]
[EventType "swiss"]
[EventCountry "ROU"]
[SourceTitle "playchess.com"]
[Source "ChessBase"]
[SourceQuality "1"]
[TimeControl "5400+30"]

1. d4 {[%emt 0:00:38]} Nf6 {[%emt 0:00:00]} 2. Nf3 {[%emt 0:01:08]} g6 {[%emt 0:00:00]} 3. c4 {[%emt 0:00:46]} Bg7 {[%emt 0:00:00]} 4. Nc3 {[%emt 0:01:20]} O-O {[%emt 0:00:08]} 5. e4 {[%emt 0:00:49]} d6 {[%emt 0:00:08]} 6. h3 {[%emt 0:00:38]} e5 {[%emt 0:06:07]} 7. d5 {[%emt 0:05:53]} Nh5 {[%emt 0:00:31]} 8. Be3 {[%emt 0:05:11]} Qe8 {[%emt 0:04:38]} 9. Qd2 {[%emt 0:03:33]} f5 {[%emt 0:01:59]} 10. Bh6 {[%emt 0:02:45]} f4 {[%emt 0:15:48]} 11. Bxg7 {[%emt 0:00:26]} Kxg7 {[%emt 0:00:06]} 12. O-O-O {[%emt 0:00:34]} a5 {[%emt 0:01:27]} 13. Nb5 {[%emt 0:03:34]} Qd8 {[%emt 0:05:04]} 14. Qc3 {[%emt 0:04:52]} Nd7 {[%emt 0:04:54]} 15. Bd3 {[%emt 0:05:11]} Rf6 {[%emt 0:08:57]} 16. Qa3 {[%emt 0:03:49]} b6 {[%emt 0:06:39]} 17. Rhe1 {[%emt 0:09:57]} Nc5 {[%emt 0:03:16]} 18. Bf1 {[%emt 0:03:45]} Bd7 {[%emt 0:01:12]} 19. b3 {[%emt 0:06:58]} Bxb5 {[%emt 0:09:10]} 20. cxb5 {[%emt 0:01:34]} Rf7 {[%emt 0:01:50]} 21. Bc4 {[%emt 0:11:24]} h6 {[%emt 0:01:14]} 22. Kc2 {[%emt 0:07:40]} Nf6 {[%emt 0:02:07]} 23. Nd2 {[%emt 0:01:05]} Nh7 {[%emt 0:03:09]} 24. f3 {[%emt 0:00:28]} Qg5 {[%emt 0:01:01]} 25. Re2 {[%emt 0:00:48]} Nf6 {[%emt 0:01:11]} 26. Qc1 {[%emt 0:01:13]} Qh4 {[%emt 0:02:46]} 27. a4 {[%emt 0:00:48]} g5 {[%emt 0:01:11]} 28. Nf1 {[%emt 0:03:38]} h5 {[%emt 0:02:49]} 29. Qd2 {[%emt 0:01:29]} g4 {[%emt 0:00:50]} 30. Qe1 {[%emt 0:00:46]} Qg5 {[%emt 0:01:42]} 31. Rdd2 {[%emt 0:00:36]} Rg8 {[%emt 0:01:22]} 32. h4 {[%emt 0:03:32]} Qg6 {[%emt 0:00:22]} 33. Bd3 {[%emt 0:02:42]} Kf8 {[%emt 0:00:09]} 34. Rd1 {[%emt 0:02:03]} Ke7 {[%emt 0:00:47]} 35. Rf2 {[%emt 0:01:32]} Rfg7 {[%emt 0:05:36]} 36. g3 {[%emt 0:01:27]} gxf3 {[%emt 0:00:59]} 37. gxf4 {[%emt 0:00:27]} Nfxe4 {[%emt 0:00:14]} 38. fxe5 {[%emt 0:02:13]} Nxd3 {[%emt 0:00:21]} 39. exd6+ {[%emt 0:00:57]} Kxd6 {[%emt 0:00:23]} 40. Rxd3 {[%emt 0:01:12]} Nxf2 {[%emt 0:00:15]} 41. Qxf2 {[%emt 0:00:11]} Qg2 {[%emt 0:03:56]} 42. Rxf3 {[%emt 0:00:23]} Qxf2+ {[%emt 0:00:05]} 43. Rxf2 {[%emt 0:00:08]} Rg2 {[%emt 0:00:03]} 44. Rxg2 {[%emt 0:00:23]} Rxg2+ {[%emt 0:00:01]} 45. Kb1 {[%emt 0:00:47]} Rg1 {[%emt 0:00:05]} 0-1

[Event "ROU-ch Open 2021"]
[Site "Iasi"]
[Date "2021.04.20"]
[Round "3.17"]
[White "Baratosi, Daniel"]
[Black "Panc, Samuel"]
[Result "1/2-1/2"]
[WhiteElo "2355"]
[BlackElo "1937"]
[Annotator "NA"]
[PlyCount "118"]
[EventDate "2021.04.19"]
[EventType "swiss"]
[EventCountry "ROU"]
[SourceTitle "playchess.com"]
[Source "ChessBase"]
[SourceQuality "1"]
[TimeControl "5400+30"]

1. e4 {[%emt 0:06:56]} c5 {[%emt 0:00:22]} 2. Nf3 {[%emt 0:01:03]} Nf6 {[%emt 0:00:05]} 3. e5 {[%emt 0:00:53]} Nd5 {[%emt 0:00:05]} 4. d4 {[%emt 0:00:06]} cxd4 {[%emt 0:00:04]} 5. c3 {[%emt 0:00:03]} Nc6 {[%emt 0:05:26]} 6. cxd4 {[%emt 0:01:42]} d6 {[%emt 0:01:19]} 7. Bc4 {[%emt 0:00:16]} dxe5 {[%emt 0:00:17]} 8. dxe5 {[%emt 0:09:04]} Ndb4 {[%emt 0:09:17]} 9. O-O {[%emt 0:35:05]} Qxd1 {[%emt 0:02:58]} 10. Rxd1 {[%emt 0:00:03]} Bg4 {[%emt 0:02:39]} 11. Nc3 {[%emt 0:00:30]} Bxf3 {[%emt 0:07:32]} 12. gxf3 {[%emt 0:00:04]} e6 {[%emt 0:20:16]} 13. f4 {[%emt 0:04:03]} Nc2 {[%emt 0:06:13]} 14. Rb1 {[%emt 0:01:04]} N2d4 {[%emt 0:00:21]} 15. Ne4 {[%emt 0:15:25]} O-O-O {[%emt 0:03:03]} 16. Be3 {[%emt 0:02:07]} Be7 {[%emt 0:03:11]} 17. a3 {[%emt 0:09:40]} Rd7 {[%emt 0:09:27]} 18. Rdc1 {[%emt 0:01:34]} Kb8 {[%emt 0:03:21]} 19. Rc3 {[%emt 0:02:17]} Rhd8 {[%emt 0:11:04]} 20. Kf1 {[%emt 0:05:00]} h6 {[%emt 0:05:54]} 21. Rbc1 {[%emt 0:01:56]} Rf8 {[%emt 0:05:39]} 22. h3 {[%emt 0:01:28]} Rfd8 {[%emt 0:00:35]} 23. Ba2 {[%emt 0:00:39]} Bf8 {[%emt 0:01:25]} 24. Bc4 {[%emt 0:00:18]} Be7 {[%emt 0:00:08]} 25. b4 {[%emt 0:00:23]} Bf8 {[%emt 0:00:50]} 26. Rd3 {[%emt 0:00:33]} Nf5 {[%emt 0:00:35]} 27. Rxd7 {[%emt 0:00:15]} Nxe3+ {[%emt 0:00:04]} 28. fxe3 {[%emt 0:00:03]} Rxd7 {[%emt 0:00:07]} 29. Bb5 {[%emt 0:00:51]} Rc7 {[%emt 0:01:01]} 30. Bxc6 {[%emt 0:01:00]} Rxc6 {[%emt 0:00:42]} 31. Rxc6 {[%emt 0:00:08]} bxc6 {[%emt 0:00:05]} 32. Ke2 {[%emt 0:00:07]} Kc7 {[%emt 0:00:20]} 33. Kd3 {[%emt 0:00:03]} Be7 {[%emt 0:01:11]} 34. Kc4 {[%emt 0:00:06]} Bf8 {[%emt 0:00:32]} 35. Nf2 {[%emt 0:01:50]} a5 {[%emt 0:00:42]} 36. bxa5 {[%emt 0:00:25]} Bxa3 {[%emt 0:00:05]} 37. Ne4 {[%emt 0:00:45]} Bc1 {[%emt 0:00:48]} 38. Kd3 {[%emt 0:00:36]} Ba3 {[%emt 0:00:10]} 39. Kd4 {[%emt 0:00:34]} Bb2+ {[%emt 0:00:44]} 40. Kc4 {[%emt 0:00:19]} Ba3 {[%emt 0:00:44]} 41. a6 {[%emt 0:00:21]} Kb6 {[%emt 0:00:33]} 42. Nd6 {[%emt 0:00:05]} f6 {[%emt 0:00:22]} 43. f5 {[%emt 0:01:10]} exf5 {[%emt 0:00:39]} 44. Nc8+ {[%emt 0:00:08]} Kxa6 {[%emt 0:00:13]} 45. e6 {[%emt 0:00:03]} g5 {[%emt 0:00:39]} 46. e7 {[%emt 0:00:03]} Bxe7 {[%emt 0:00:03]} 47. Nxe7 {[%emt 0:00:02]} g4 {[%emt 0:00:59]} 48. hxg4 {[%emt 0:01:40]} fxg4 {[%emt 0:00:05]} 49. Kd3 {[%emt 0:00:01]} Kb5 {[%emt 0:00:47]} 50. Ng8 {[%emt 0:00:28]} g3 {[%emt 0:00:28]} 51. Ke2 {[%emt 0:00:12]} h5 {[%emt 0:00:26]} 52. Nxf6 {[%emt 0:00:25]} h4 {[%emt 0:00:03]} 53. Kf3 {[%emt 0:01:35]} c5 {[%emt 0:01:14]} 54. e4 {[%emt 0:00:19]} c4 {[%emt 0:00:25]} 55. Nd5 {[%emt 0:00:34]} Kc5 {[%emt 0:00:15]} 56. Nc3 {[%emt 0:01:04]} Kd4 {[%emt 0:00:23]} 57. Ne2+ {[%emt 0:00:25]} Ke5 {[%emt 0:00:09]} 58. Nc3 {[%emt 0:00:09]} Kd4 {[%emt 0:00:08]} 59. Ne2+ {[%emt 0:00:07]} Ke5 {[%emt 0:01:12]} 1/2-1/2

[Event "ROU-ch Open 2021"]
[Site "Iasi"]
[Date "2021.04.20"]
[Round "3.18"]
[White "Chiheri, Alexandru-Virgil"]
[Black "Tocan, Cristian"]
[Result "0-1"]
[WhiteElo "1921"]
[BlackElo "2236"]
[Annotator "NA"]
[PlyCount "74"]
[EventDate "2021.04.19"]
[EventType "swiss"]
[EventCountry "ROU"]
[SourceTitle "playchess.com"]
[Source "ChessBase"]
[SourceQuality "1"]
[TimeControl "5400+30"]

1. e4 {[%emt 0:00:00]} c5 {[%emt 0:01:35]} 2. Nf3 {[%emt 0:00:00]} Nf6 {[%emt 0:00:06]} 3. Nc3 {[%emt 0:00:00]} d5 {[%emt 0:00:06]} 4. exd5 {[%emt 0:03:34]} Nxd5 {[%emt 0:00:15]} 5. Bc4 {[%emt 0:03:15]} e6 {[%emt 0:00:12]} 6. Qe2 {[%emt 0:04:45]} Be7 {[%emt 0:01:21]} 7. O-O {[%emt 0:01:18]} Nc6 {[%emt 0:00:44]} 8. Re1 {[%emt 0:02:35]} O-O {[%emt 0:01:05]} 9. a3 {[%emt 0:05:09]} a6 {[%emt 0:01:08]} 10. Ne4 {[%emt 0:02:52]} b5 {[%emt 0:02:18]} 11. Ba2 {[%emt 0:00:09]} Bb7 {[%emt 0:01:24]} 12. d3 {[%emt 0:00:11]} Nd4 {[%emt 0:02:16]} 13. Qd1 {[%emt 0:01:11]} Rc8 {[%emt 0:03:07]} 14. c3 {[%emt 0:00:56]} Nf5 {[%emt 0:03:42]} 15. Qe2 {[%emt 0:01:19]} Re8 {[%emt 0:01:19]} 16. Bd2 {[%emt 0:03:07]} Nb6 {[%emt 0:03:41]} 17. Neg5 {[%emt 0:04:40]} Bd5 {[%emt 0:03:34]} 18. c4 {[%emt 0:06:12]} bxc4 {[%emt 0:04:31]} 19. dxc4 {[%emt 0:00:15]} Bxf3 {[%emt 0:03:14]} 20. Nxf3 {[%emt 0:00:10]} Bf6 {[%emt 0:00:39]} 21. Rad1 {[%emt 0:01:27]} Qe7 {[%emt 0:05:24]} 22. Bb1 {[%emt 0:04:10]} Nd4 {[%emt 0:04:41]} 23. Nxd4 {[%emt 0:00:29]} Bxd4 {[%emt 0:01:18]} 24. Ba5 {[%emt 0:03:44]} Qb7 {[%emt 0:03:12]} 25. Be4 {[%emt 0:11:24]} Qb8 {[%emt 0:01:33]} 26. b4 {[%emt 0:03:01]} Na4 {[%emt 0:05:11]} 27. Bxh7+ {[%emt 0:01:43]} Kxh7 {[%emt 0:00:27]} 28. Qc2+ {[%emt 0:00:05]} g6 {[%emt 0:01:24]} 29. Qxa4 {[%emt 0:00:20]} Kg7 {[%emt 0:05:12]} 30. bxc5 {[%emt 0:02:11]} Qf4 {[%emt 0:04:23]} 31. Rxd4 {[%emt 0:03:58]} Qxd4 {[%emt 0:00:23]} 32. c6 {[%emt 0:00:05]} Rh8 {[%emt 0:03:16]} 33. c7 {[%emt 0:00:36]} Rh4 {[%emt 0:05:56]} 34. Rc1 {[%emt 0:04:47]} Qd6 {[%emt 0:03:05]} 35. g3 {[%emt 0:00:32]} Rh5 {[%emt 0:02:04]} 36. Rd1 {[%emt 0:12:52]} Rxa5 {[%emt 0:01:06]} 37. Qc2 {[%emt 0:00:18]} Qxc7 {[%emt 0:00:21]} 0-1

[Event "ROU-ch Open 2021"]
[Site "Iasi"]
[Date "2021.04.20"]
[Round "3.19"]
[White "Prisacaru, Stefan-Emilian"]
[Black "Paval, George"]
[Result "1-0"]
[WhiteElo "1913"]
[BlackElo "2207"]
[Annotator "NA"]
[PlyCount "89"]
[EventDate "2021.04.19"]
[EventType "swiss"]
[EventCountry "ROU"]
[SourceTitle "playchess.com"]
[Source "ChessBase"]
[SourceQuality "1"]
[TimeControl "5400+30"]

1. g3 {[%emt 0:00:00]} Nf6 {[%emt 0:05:42]} 2. Bg2 {[%emt 0:00:00]} g6 {[%emt 0:00:54]} 3. e4 {[%emt 0:00:00]} d6 {[%emt 0:00:33]} 4. d4 {[%emt 0:00:00]} Bg7 {[%emt 0:00:53]} 5. Ne2 {[%emt 0:00:00]} O-O {[%emt 0:01:00]} 6. O-O {[%emt 0:00:22]} a6 {[%emt 0:04:10]} 7. f4 {[%emt 0:04:12]} c5 {[%emt 0:00:48]} 8. dxc5 {[%emt 0:04:12]} dxc5 {[%emt 0:01:12]} 9. Qxd8 {[%emt 0:00:39]} Rxd8 {[%emt 0:00:12]} 10. Nbc3 {[%emt 0:00:49]} Nc6 {[%emt 0:04:52]} 11. e5 {[%emt 0:01:49]} Ng4 {[%emt 0:02:41]} 12. h3 {[%emt 0:03:36]} Nh6 {[%emt 0:00:10]} 13. Be3 {[%emt 0:01:45]} Nd4 {[%emt 0:03:37]} 14. Bxd4 {[%emt 0:00:11]} cxd4 {[%emt 0:00:08]} 15. Nd5 {[%emt 0:00:05]} Bxh3 {[%emt 0:03:20]} 16. Nxe7+ {[%emt 0:01:00]} Kf8 {[%emt 0:01:09]} 17. Nxg6+ {[%emt 0:00:18]} hxg6 {[%emt 0:00:14]} 18. Bxh3 {[%emt 0:00:06]} f6 {[%emt 0:00:59]} 19. Rad1 {[%emt 0:02:03]} Ke7 {[%emt 0:08:21]} 20. exf6+ {[%emt 0:12:58]} Bxf6 {[%emt 0:01:18]} 21. g4 {[%emt 0:00:06]} g5 {[%emt 0:03:44]} 22. Rde1 {[%emt 0:03:21]} Kd6 {[%emt 0:13:02]} 23. fxg5 {[%emt 0:01:25]} Bxg5 {[%emt 0:00:33]} 24. Nxd4 {[%emt 0:00:09]} Re8 {[%emt 0:03:52]} 25. Nf3 {[%emt 0:02:01]} Be3+ {[%emt 0:01:35]} 26. Kh1 {[%emt 0:01:16]} Kc5 {[%emt 0:06:01]} 27. g5 {[%emt 0:00:50]} Nf7 {[%emt 0:01:01]} 28. g6 {[%emt 0:01:14]} Nd6 {[%emt 0:02:33]} 29. g7 {[%emt 0:00:36]} Bh6 {[%emt 0:01:00]} 30. g8=Q {[%emt 0:05:38]} Rxg8 {[%emt 0:02:32]} 31. Re5+ {[%emt 0:00:10]} Kb6 {[%emt 0:01:52]} 32. Re6 {[%emt 0:00:36]} Bf4 {[%emt 0:02:42]} 33. Nd4 {[%emt 0:00:40]} Bg3 {[%emt 0:01:58]} 34. Nf5 {[%emt 0:01:17]} Kc7 {[%emt 0:05:06]} 35. Nxd6 {[%emt 0:01:51]} Bxd6 {[%emt 0:00:07]} 36. Rf7+ {[%emt 0:00:06]} Kc6 {[%emt 0:00:31]} 37. Bg2+ {[%emt 0:00:09]} Rxg2 {[%emt 0:02:05]} 38. Kxg2 {[%emt 0:00:03]} Rg8+ {[%emt 0:00:46]} 39. Kf1 {[%emt 0:00:54]} Kd5 {[%emt 0:00:38]} 40. Rh6 {[%emt 0:00:24]} Be5 {[%emt 0:06:02]} 41. Rxb7 {[%emt 0:01:00]} Bf4 {[%emt 0:01:11]} 42. Rxa6 {[%emt 0:00:28]} Ke4 {[%emt 0:00:10]} 43. Rb4+ {[%emt 0:00:30]} Kf3 {[%emt 0:00:53]} 44. Rf6 {[%emt 0:00:26]} Rg4 {[%emt 0:02:08]} 45. Rfxf4+ {[%emt 0:00:05]} 1-0

[Event "ROU-ch Open 2021"]
[Site "Iasi"]
[Date "2021.04.20"]
[Round "3.20"]
[White "Martian, Dragos-Daniel"]
[Black "Sachilaru, Alexandru"]
[Result "1-0"]
[WhiteElo "2198"]
[BlackElo "1917"]
[Annotator "NA"]
[PlyCount "93"]
[EventDate "2021.04.19"]
[EventType "swiss"]
[EventCountry "ROU"]
[SourceTitle "playchess.com"]
[Source "ChessBase"]
[SourceQuality "1"]
[TimeControl "5400+30"]

1. e4 {[%emt 0:03:55]} e6 {[%emt 0:00:00]} 2. d4 {[%emt 0:00:05]} c5 {[%emt 0:00:00]} 3. c3 {[%emt 0:00:11]} cxd4 {[%emt 0:00:34]} 4. cxd4 {[%emt 0:00:09]} d6 {[%emt 0:00:12]} 5. Nc3 {[%emt 0:00:06]} Nf6 {[%emt 0:00:12]} 6. Nf3 {[%emt 0:00:08]} Be7 {[%emt 0:00:29]} 7. Bd3 {[%emt 0:00:52]} a6 {[%emt 0:01:14]} 8. O-O {[%emt 0:00:58]} O-O {[%emt 0:00:27]} 9. Qe2 {[%emt 0:01:27]} Nbd7 {[%emt 0:01:46]} 10. e5 {[%emt 0:01:00]} Ne8 {[%emt 0:01:12]} 11. Bf4 {[%emt 0:02:15]} d5 {[%emt 0:00:51]} 12. Rad1 {[%emt 0:03:52]} b5 {[%emt 0:04:16]} 13. Ne4 {[%emt 0:09:31]} Bb7 {[%emt 0:01:10]} 14. Neg5 {[%emt 0:00:18]} g6 {[%emt 0:01:03]} 15. h4 {[%emt 0:02:47]} Ng7 {[%emt 0:01:22]} 16. Bc1 {[%emt 0:07:14]} Rc8 {[%emt 0:07:06]} 17. Nh2 {[%emt 0:01:13]} Qe8 {[%emt 0:13:06]} 18. Bb1 {[%emt 0:04:05]} f6 {[%emt 0:03:59]} 19. exf6 {[%emt 0:00:28]} Bxf6 {[%emt 0:00:08]} 20. Ng4 {[%emt 0:02:25]} h5 {[%emt 0:03:23]} 21. Nh6+ {[%emt 0:05:48]} Kh8 {[%emt 0:00:09]} 22. Rfe1 {[%emt 0:01:36]} Bxg5 {[%emt 0:00:34]} 23. hxg5 {[%emt 0:02:16]} Rc6 {[%emt 0:04:55]} 24. Qe3 {[%emt 0:06:59]} Nf5 {[%emt 0:02:10]} 25. Nxf5 {[%emt 0:01:39]} gxf5 {[%emt 0:00:14]} 26. Qh3 {[%emt 0:01:01]} Qf7 {[%emt 0:01:18]} 27. Bf4 {[%emt 0:00:19]} Kg7 {[%emt 0:01:48]} 28. Rd3 {[%emt 0:01:43]} Qg6 {[%emt 0:04:09]} 29. Qh2 {[%emt 0:00:31]} Rh8 {[%emt 0:15:20]} 30. Rh3 {[%emt 0:00:26]} Rh7 {[%emt 0:01:09]} 31. Rh4 {[%emt 0:03:42]} Kg8 {[%emt 0:03:00]} 32. Bd3 {[%emt 0:00:14]} Nf8 {[%emt 0:04:12]} 33. Be2 {[%emt 0:03:10]} Qg7 {[%emt 0:04:16]} 34. Bxh5 {[%emt 0:01:04]} Ng6 {[%emt 0:00:35]} 35. Bxg6 {[%emt 0:00:56]} Qxg6 {[%emt 0:00:33]} 36. Be5 {[%emt 0:01:12]} Rxh4 {[%emt 0:02:04]} 37. Qxh4 {[%emt 0:00:01]} Kf7 {[%emt 0:01:26]} 38. Re3 {[%emt 0:00:44]} Rc1+ {[%emt 0:02:46]} 39. Kh2 {[%emt 0:00:02]} f4 {[%emt 0:00:17]} 40. Rf3 {[%emt 0:01:33]} Ke7 {[%emt 0:01:12]} 41. Qxf4 {[%emt 0:00:38]} Rc8 {[%emt 0:00:12]} 42. Qf6+ {[%emt 0:00:56]} Qxf6 {[%emt 0:00:07]} 43. gxf6+ {[%emt 0:00:12]} Kf7 {[%emt 0:00:22]} 44. Rh3 {[%emt 0:00:13]} Bc6 {[%emt 0:00:43]} 45. Rh7+ {[%emt 0:00:15]} Kg6 {[%emt 0:00:52]} 46. Rg7+ {[%emt 0:00:09]} Kf5 {[%emt 0:00:42]} 47. f3 {[%emt 0:00:12]} 1-0

[Event "ROU-ch Open 2021"]
[Site "Iasi"]
[Date "2021.04.21"]
[Round "4.7"]
[White "Nevednichy, Vladislav"]
[Black "Jianu, Vlad-Cristian"]
[Result "1/2-1/2"]
[WhiteElo "2533"]
[BlackElo "2532"]
[Annotator "TA"]
[PlyCount "26"]
[EventDate "2021.04.19"]
[EventType "swiss"]
[EventCountry "ROU"]
[SourceTitle "playchess.com"]
[Source "ChessBase"]
[SourceQuality "1"]

{[%evp 18,26,6,-9,29,6,9,8,6,0,11]} 1. c4 Nf6 2. Nc3 g6 3. e4 d6 4. g3 Bg7 5. Bg2 O-O 6. Nge2 c5 7. a3 Nc6 8. Rb1 Ne8 9. d3 Nc7 10. O-O Ne6 {A36: Symmetrical English vs ...g6: 4 Bg2 Bg7.} 11. h3 Ned4 {The position is equal.} 12. b4 b6 {[#]} 13. f4 $146 ({Predecessor:} 13. e5 Rb8 14. exd6 exd6 15. bxc5 dxc5 16. Nxd4 Nxd4 17. Bf4 Rb7 18. Nd5 Rd7 19. Re1 Bb7 {0-1 (57) Miezis,N (2510)-Popchev,M (2419) Taranto 2002}) 13... e6 {Not much happened in this game.  Weighted Error Value: White=0.11/Black=0.13} 1/2-1/2

[Event "ROU-ch Open 2021"]
[Site "Iasi"]
[Date "2021.04.21"]
[Round "4.8"]
[White "Nanu, Costica-Ciprian"]
[Black "Deac, Bogdan-Daniel"]
[Result "1-0"]
[WhiteElo "2503"]
[BlackElo "2625"]
[Annotator "TA"]
[PlyCount "87"]
[EventDate "2021.04.19"]
[EventType "swiss"]
[EventCountry "ROU"]
[SourceTitle "playchess.com"]
[Source "ChessBase"]
[SourceQuality "1"]

{[%evp 14,87,14,0,0,-2,-7,-30,-35,-38,-30,-27,-27,-52,-2,-10,-6,-17,-16,-6,29,37,91,98,266,245,389,396,389,293,352,287,284,281,417,360,404,399,381,257,232,259,254,252,257,263,259,267,255,255,285,275,251,141,279,280,363,276,264,281,481,477,494,476,560,549,619,616,606,610,577,581,587,545,581,569]} 1. c4 Nf6 2. Nf3 e6 3. e3 d5 4. b3 c5 5. Bb2 Nc6 6. cxd5 exd5 7. Bb5 Bd6 8. O-O O-O {A13: English Opening: 1...e6.} 9. Bxc6 bxc6 10. d3 Re8 {Black has an edge.} 11. Nbd2 Bf5 12. Qc2 {[#]} Nd7 $146 ({Predecessor:} 12... Re6 13. Rfe1 Nd7 14. e4 Bg6 15. Qc3 Bf8 16. Rad1 a5 17. a4 Nb8 18. exd5 Rxe1+ 19. Rxe1 cxd5 {½-½ (31) Roeder,M (2461)-Winants,L (2522) Belgium 2008}) 13. Rfd1 Re6 14. e4 Bg4 15. h3 Bh5 16. Re1 d4 17. b4 $36 {[%mdl 2048] White is more active.} Bf4 ({Black should play} 17... Bxf3 $14 18. Nxf3 cxb4) 18. bxc5 Bxd2 $2 {[#] A mistake that costs the game.} (18... Ne5 $16) 19. Nxd2 $18 Ne5 (19... Qg5 $142 20. Bxd4 f5 21. exf5 Qxf5 22. Rxe6 Qxe6) 20. f4 Rg6 21. Rf1 Nd7 22. Nf3 Bxf3 23. Rxf3 Nf8 (23... Re6 $142 24. a3 Nf6) 24. Qf2 f5 25. exf5 Rf6 26. Qxd4 Qxd4+ 27. Bxd4 Rxf5 28. Be5 Ne6 29. g4 Rf7 30. Bd6 Nd4 31. Rf2 Nb5 {[#]} 32. Be5 Rd8 33. d4 (33. a4 $18 Nd4 34. Rb1) 33... Nc7 (33... Nxd4 $16 {might work better.} 34. Rb1 h6) 34. Rb1 h5 35. Rb3 ({Don't take} 35. gxh5 Ne6 $18) 35... hxg4 36. hxg4 Nd5 $2 (36... Ne6 37. Kg2 Rfd7) 37. Kg2 {White is clearly winning.} Nf6 38. Kf3 Rfd7 39. a4 Rd5 40. Rb7 Nd7 41. Bc7 Re8 42. Bd6 Nf8 43. Be5 Ne6 44. Kg3 {Weighted Error Value: White=0.17/Black=0.39} 1-0

[Event "ROU-ch Open 2021"]
[Site "Iasi"]
[Date "2021.04.21"]
[Round "4.9"]
[White "Ghimpu, Samuel-Timotei"]
[Black "Gavrilescu, David"]
[Result "1/2-1/2"]
[WhiteElo "2315"]
[BlackElo "2476"]
[Annotator "TA"]
[PlyCount "72"]
[EventDate "2021.04.19"]
[EventType "swiss"]
[EventCountry "ROU"]
[SourceTitle "playchess.com"]
[Source "ChessBase"]
[SourceQuality "1"]

{[%evp 14,72,20,11,37,14,31,23,33,39,46,25,51,43,45,46,37,46,76,74,83,36,72,66,75,44,92,8,11,9,31,20,189,214,203,191,240,231,235,240,238,236,264,240,243,181,201,179,179,193,176,136,138,98,99,98,99,81,97,35,40]} 1. c4 e6 2. g3 d5 3. Bg2 d4 4. Nf3 Nf6 5. O-O c5 6. e3 Nc6 7. exd4 cxd4 8. d3 h6 {A13: English Opening: 1...e6.} 9. Bf4 $1 {[%mdl 4] now scores much better than the old 9.Re1.} Bd6 10. Bxd6 Qxd6 {White has an edge.} 11. Nbd2 O-O 12. Re1 e5 13. b4 {[#]} Qxb4 $146 ({Predecessor:} 13... Nxb4 14. Nxe5 Rb8 15. Nb3 Re8 16. Qd2 b6 17. a3 Rxe5 18. Qxb4 Rxe1+ 19. Rxe1 Qc7 20. Nxd4 {1-0 (41) Yatzenko,A (2383)-Moroni,L (2553) St Petersburg 2019}) 14. Nxe5 Nxe5 15. Rxe5 Bd7 16. Nb3 Qd6 17. Qe2 Bg4 {[#]} 18. c5 $1 Qd7 (18... Qa6 19. Qd2) 19. Qb2 Rad8 20. Qa3 (20. Rae1 $16) 20... Bh3 $11 21. Bf3 Qb5 (21... Ng4 {seems wilder.} 22. Rh5 Nf6 23. Rh4 Rfe8 24. Qa5 b6) 22. Na5 (22. Qxa7 $2 Qxd3 23. Be2 Qc2 $17) 22... Bc8 (22... Rd6 $11 {and Black stays safe.} 23. Bxb7 (23. cxd6 Qxe5 24. Nc4 Qf5 $11) (23. Nxb7 Ra6 $16) 23... Rb8) 23. Nc4 $1 $18 Nd7 24. Rd5 a6 25. Bg2 Qc6 26. Rc1 Qf6 27. Qb2 Nb8 28. Rxd8 Rxd8 29. Nd6 ({Resist} 29. Bxb7 $6 Bxb7 30. Qxb7 Qg5) 29... b5 30. a4 Bd7 31. axb5 axb5 32. Nxb5 Bc6 33. Nd6 {Bxc6 is the strong threat.} Bxg2 34. Kxg2 {aiming for Qb7.} Nd7 35. Qe2 Nxc5 {[#]} 36. Rxc5 (36. Nxf7 $1 $16 Qc6+ (36... Nxd3 37. Nxd8) 37. Kg1 Kxf7 38. Qh5+ {[%mdl 64] Double Attack} Kg8 39. Rxc5 (39. Qxc5 Qf3 $16)) 36... Qxd6 {Weighted Error Value: White=0.16/Black=0.24} 1/2-1/2

[Event "ROU-ch Open 2021"]
[Site "Iasi"]
[Date "2021.04.21"]
[Round "4.10"]
[White "Filip, Lucian-Ioan"]
[Black "Nastore, Pavel-Alexandru"]
[Result "1/2-1/2"]
[WhiteElo "2442"]
[BlackElo "2256"]
[Annotator "TA"]
[PlyCount "45"]
[EventDate "2021.04.19"]
[EventType "swiss"]
[EventCountry "ROU"]
[SourceTitle "playchess.com"]
[Source "ChessBase"]
[SourceQuality "1"]

{[%evp 19,45,33,33,36,44,35,50,56,42,36,56,56,43,37,61,45,42,25,35,14,57,64,60,41,84,85,127,122]} 1. Nf3 Nf6 2. c4 e6 3. Nc3 c5 4. g3 d5 5. cxd5 exd5 6. d4 Nc6 7. Bg2 Be7 8. O-O O-O 9. Be3 cxd4 10. Nxd4 Be6 11. Qa4 {D34: Tarrasch Defence: 6 g3 Nf6 7 Bg2 Be7.} Qd7 12. Nxe6 fxe6 13. Rad1 {[#] White is slightly better.} a6 $146 ({Predecessor:} 13... Bd6 14. Bg5 Rad8 15. e4 d4 16. Ne2 e5 17. Nc1 h6 18. Bxf6 Rxf6 19. Nd3 Nb4 20. Qxa7 Nxd3 21. Rxd3 {0-1 (70) Saric,A (2549)-Bogut,Z (2411) Mali Losinj 2017}) 14. Bh3 b5 15. Qc2 Rad8 16. Bg5 Qd6 17. Bxf6 gxf6 ({Not} 17... Rxf6 $2 {[#]} 18. Ne4 $1 $18 {[%mdl 512]}) 18. e4 {Black must now prevent exd5.} d4 {[#] And now ...Qc5 would win.} 19. Qb3 $1 Kh8 {aiming for ...Na5.} (19... f5 20. exf5) 20. Ne2 {[%cal Bc3e2,Be2c1,Bc1d3][%mdl 32]} e5 21. Nc1 Na5 22. Qf3 Nc4 23. Nd3 {Weighted Error Value: White=0.05/Black=0.11} 1/2-1/2